<?xml version="1.0" encoding="UTF-8"?>
<record
    xmlns:xsi="http://www.w3.org/2001/XMLSchema-instance"
    xsi:schemaLocation="http://www.loc.gov/MARC21/slim http://www.loc.gov/standards/marcxml/schema/MARC21slim.xsd"
    xmlns="http://www.loc.gov/MARC21/slim">

  <leader>02939cam a22003135a 4500</leader>
  <controlfield tag="001">016912694</controlfield>
  <controlfield tag="003">OSt</controlfield>
  <controlfield tag="005">20160727123739.0</controlfield>
  <controlfield tag="008">141027s2014    enk    frb   f001 0 eng d</controlfield>
  <datafield tag="015" ind1=" " ind2=" ">
    <subfield code="a">GBB4B9299</subfield>
    <subfield code="2">bnb</subfield>
  </datafield>
  <datafield tag="016" ind1="7" ind2=" ">
    <subfield code="a">016912694</subfield>
    <subfield code="2">Uk</subfield>
  </datafield>
  <datafield tag="020" ind1=" " ind2=" ">
    <subfield code="a">9781107471047 (pbk.)</subfield>
  </datafield>
  <datafield tag="040" ind1=" " ind2=" ">
    <subfield code="a">StDuBDS</subfield>
    <subfield code="b">eng</subfield>
    <subfield code="c">StDuBDS</subfield>
    <subfield code="d">EG-ScBUE</subfield>
  </datafield>
  <datafield tag="082" ind1="0" ind2="4">
    <subfield code="a">341.48</subfield>
    <subfield code="b">EXA</subfield>
    <subfield code="2">22</subfield>
  </datafield>
  <datafield tag="245" ind1="0" ind2="0">
    <subfield code="a">Examining critical perspectives on human rights /</subfield>
    <subfield code="c">edited by Rob Dickinson ... [et al.]</subfield>
  </datafield>
  <datafield tag="260" ind1=" " ind2=" ">
    <subfield code="a">Cambridge ; </subfield>
    <subfield code="a">New York : </subfield>
    <subfield code="b">Cambridge University Press, </subfield>
    <subfield code="c">2014.</subfield>
  </datafield>
  <datafield tag="300" ind1=" " ind2=" ">
    <subfield code="a">xi, 292 p. ;</subfield>
    <subfield code="c">23 cm.</subfield>
  </datafield>
  <datafield tag="500" ind1=" " ind2=" ">
    <subfield code="a">Originally published : 2012.</subfield>
  </datafield>
  <datafield tag="500" ind1=" " ind2=" ">
    <subfield code="a">Index : p. 279-292.</subfield>
  </datafield>
  <datafield tag="504" ind1=" " ind2=" ">
    <subfield code="a">Includes bibliographical references.</subfield>
  </datafield>
  <datafield tag="505" ind1=" " ind2=" ">
    <subfield code="a">pt. I. Introduction -- Examining critical perspectives on human rights : an introduction / Ole W. Pedersen &amp; C.R.G. Murray --
The international human rights regime : still part of the problem? / David Kennedy -- pt. II. Domestic human rights perspectives --
What is the point of human rights law? / K.D. Ewing -- If you cannot change the rules of the game, adapt to them : United Kingdom responses to the restrictions set by Article 3 ECHR on 'national security' deportations / David Bonner -- The right to security : securing rights or securitizing rights? / Liora Lazarus --
Of fortresses and caltrops : national security and competing models of rights protection / C.R.G. Murray -- pt. III. International human rights law perspectives -- The rule of law and the role of human rights in contemporary international law / Elena Katselli -- The construction of the constitutional essentials of democratic politics by the European Court of Human Rights following Sejdi&#x107; and Finci / Steven Wheatley --
Universal human rights : a challenge too far / Rob Dickinson --
pt. IV. Theoretical perspectives on human rights -- The reality and hyper-reality of human rights : public consciousness and the mass media / Eric Heinze -- Human rights and the struggle for change : a study in self-critical legal thought / Christine Bell -- Lawfare and the international human rights movement / Richard Mullender.</subfield>
  </datafield>
  <datafield tag="520" ind1=" " ind2=" ">
    <subfield code="a">"Examining Critical Perspectives on Human Rights sets out a practical and theoretical overview of the future of human rights within the United Kingdom and beyond. A number of internationally renowned scholars respond to David Kennedy's contribution 'The International Human Rights Movement: Still Part of the Problem?' from a range of different perspectives. With its combination of theory and practice of international and domestic human rights at this key juncture in the human rights project, it is relevant to all scholars and practitioners with an interest in human rights"</subfield>
  </datafield>
  <datafield tag="650" ind1=" " ind2="0">
    <subfield code="a">Human rights</subfield>
    <subfield code="z">Great Britain.</subfield>
    <subfield code="2">BUEsh</subfield>
  </datafield>
  <datafield tag="651" ind1=" " ind2=" ">
    <subfield code="2">BUEsh</subfield>
  </datafield>
  <datafield tag="653" ind1=" " ind2=" ">
    <subfield code="b">LLAAWW</subfield>
    <subfield code="c">July2016</subfield>
  </datafield>
  <datafield tag="650" ind1=" " ind2="7">
    <subfield code="9">11033</subfield>
    <subfield code="a">Human rights</subfield>
    <subfield code="2">BUEsh</subfield>
  </datafield>
  <datafield tag="700" ind1="1" ind2=" ">
    <subfield code="a">Dickinson, Rob,</subfield>
    <subfield code="d">1952-</subfield>
    <subfield code="e">editor.</subfield>
    <subfield code="9">40451</subfield>
  </datafield>
  <datafield tag="942" ind1=" " ind2=" ">
    <subfield code="2">ddc</subfield>
  </datafield>
  <datafield tag="999" ind1=" " ind2=" ">
    <subfield code="c">22030</subfield>
    <subfield code="d">22002</subfield>
  </datafield>
  <datafield tag="952" ind1=" " ind2=" ">
    <subfield code="0">0</subfield>
    <subfield code="1">0</subfield>
    <subfield code="2">ddc</subfield>
    <subfield code="4">0</subfield>
    <subfield code="7">0</subfield>
    <subfield code="8">Baccah</subfield>
    <subfield code="a">MAIN</subfield>
    <subfield code="b">MAIN</subfield>
    <subfield code="c">1ST</subfield>
    <subfield code="d">2016-07-26</subfield>
    <subfield code="e">Purchase</subfield>
    <subfield code="g">336.00</subfield>
    <subfield code="h">26080</subfield>
    <subfield code="l">0</subfield>
    <subfield code="o">341.48 EXA</subfield>
    <subfield code="p">000032990</subfield>
    <subfield code="r">2025-07-15 00:00:00</subfield>
    <subfield code="v">420.00</subfield>
    <subfield code="y">BB</subfield>
  </datafield>
  <datafield tag="952" ind1=" " ind2=" ">
    <subfield code="0">0</subfield>
    <subfield code="1">0</subfield>
    <subfield code="2">ddc</subfield>
    <subfield code="4">0</subfield>
    <subfield code="7">0</subfield>
    <subfield code="8">Baccah</subfield>
    <subfield code="a">MAIN</subfield>
    <subfield code="b">MAIN</subfield>
    <subfield code="c">1ST</subfield>
    <subfield code="d">2016-07-26</subfield>
    <subfield code="e">Purchase</subfield>
    <subfield code="g">336.00</subfield>
    <subfield code="h">26080</subfield>
    <subfield code="l">0</subfield>
    <subfield code="o">341.48 EXA</subfield>
    <subfield code="p">000032991</subfield>
    <subfield code="r">2025-07-15 00:00:00</subfield>
    <subfield code="v">420.00</subfield>
    <subfield code="y">BB</subfield>
  </datafield>
</record>
